Language Isolates - Statistics

General Stats
  • This quiz has been taken 36 times
  • The average score is 3 of 6
Answer Stats
Mainly Spoken in... Language % Correct
Spain Basque
94%
Japan Ainu
86%
Korean peninsula Korean
69%
Iraq Sumerian
23%
Brazil Pirahã
20%
Pakistan Burushaski
17%
No matching quizzes found
Score Distribution
Percent of People with Each Score
Percentile by Number Answered
Your Score History
You have not taken this quiz